Southville International School and Colleges
Your cart is empty.
  • Cart
  • Lists
    Public lists Eva Luna New books Lux_list list_1
    Your lists Log in to create your own lists
  • Log in to your account
  • Your cookies
  • Search history
Southville International School and Colleges
  • Advanced search
  • Recent comments
  • Most popular
  • Libraries

Log in to your account

Log in with GOOGLE


If you do not have an external account, but do have a local account, you can still log in:

  1. Home
  2. MARC view: Buster makes the grade /
Normal view MARC view ISBD view

Buster makes the grade / (Record no. 110795)

[ view plain ]
MARC details
000 -LEADER
fixed length control field 00765nam a2200229 a 4500
001 - CONTROL NUMBER
control field 3281
005 - DATE AND TIME OF LATEST TRANSACTION
control field 20140414131903.0
008 - FIXED-LENGTH DATA ELEMENTS--GENERAL INFORMATION
fixed length control field 060215s19uu xx 00 eng d
020 ## - INTERNATIONAL STANDARD BOOK NUMBER
International Standard Book Number 0-316-12277-7
050 ## - LIBRARY OF CONGRESS CALL NUMBER
Classification number FIC
Item number K87 1999
100 ## - MAIN ENTRY--PERSONAL NAME
Personal name Krensky, Stephen
245 ## - TITLE STATEMENT
Title Buster makes the grade /
Statement of responsibility, etc text by Stephen Krensky.
260 ## - PUBLICATION, DISTRIBUTION, ETC. (IMPRINT)
Place of publication, distribution, etc Boston :
Name of publisher, distributor, etc Little, Brown and Company,
Date of publication, distribution, etc 1999.
300 ## - PHYSICAL DESCRIPTION
Extent 55 p. : ill. ; cm.
440 ## - SERIES STATEMENT/ADDED ENTRY--TITLE
Title A Marc Brown Arthur Chapter Book
520 ## - SUMMARY, ETC.
Summary, etc Arthur and his friends help Buster study for an important test so that he will be able to move on to the fourth grade with them.
650 ## - SUBJECT ADDED ENTRY--TOPICAL TERM
Topical term or geographic name as entry element Schools
General subdivision Fiction.
650 ## - SUBJECT ADDED ENTRY--TOPICAL TERM
Topical term or geographic name as entry element Rabbits
General subdivision Fiction.
650 ## - SUBJECT ADDED ENTRY--TOPICAL TERM
Topical term or geographic name as entry element Aardvark
General subdivision Fiction.
650 ## - SUBJECT ADDED ENTRY--TOPICAL TERM
Topical term or geographic name as entry element Animals
General subdivision Fiction.
Holdings
Withdrawn status Lost status Damaged status Use restrictions Home library Current library Shelving location Date acquired Source of acquisition Total Checkouts Full call number Barcode Date last seen Price effective from Koha item type
        Munich Library Munich Library Fiction Section 02/15/2006     FIC K87 1999 M1293 04/14/2014 04/14/2014 Books

Buster makes the grade /

APA

Krensky S., . (1999). Buster makes the grade. Boston: Little, Brown and Company.

Chicago

Krensky Stephen, . 1999. Buster makes the grade. Boston: Little, Brown and Company.

Harvard

Krensky S., . (1999). Buster makes the grade. Boston: Little, Brown and Company.

MLA

Krensky Stephen, . Buster makes the grade. Boston: Little, Brown and Company. 1999.

  • Place hold
  • Print
  • Cite
  • Add to your cart (remove)
  • Save record
    BIBTEX Dublin Core MARCXML MARC (non-Unicode/MARC-8) MARC (Unicode/UTF-8) MARC (Unicode/UTF-8, Standard) MODS (XML) RIS
  • More searches
    Search for this title in:
    Other Libraries (WorldCat) Other Databases (Google Scholar) Online Stores (Bookfinder.com) Open Library (openlibrary.org)

Exporting to Dublin Core...

SOUTHVILLE LIBRARY

Southville International School and Colleges Library

1281 Tropical Ave. Cor. Luxembourg St., BF Homes International, Las Pinas City

Tel. No. 8256374 / 252358 Loc. 117/146

Powered by Koha